Bilecik Bilecik Bilecik Bilecik Bilecik

Miteroloji = (Record no. 50464)

MARC details
000 -BAŞLIK
Sabit Uzunluktaki Kontrol Alanı 01342nam a22003497a 4500
001 - KONTROL NUMARASI
Control Dosyası 0050631
003 - KONTROL NUMARASI KİMLİĞİ
Kontrol Alanı KOHA_MİRAKIL
005 - EN SON İŞLEM TARİHİ ve ZAMANI
Kontrol Alanı 20260207003734.0
007 - FİZİKSEL TANIM SABİT ALAN - GENEL BİLGİ
Sabit uzunluklu kontrol alanı ta
008 - SABİT UZUNLUKTAKİ VERİ ÖGELERİ - GENEL BİLGİ
Sabit Alan 150629b2013 tu a|||gr||||#||||0|xxx |
020 ## - ISBN - ULUSLARARASI STANDART KİTAP NUMARASI
Isbn 9786054511822
040 ## - KATALOGLAMA KAYNAĞI
Özgün Kataloglama Kurumu TR-BiSEU
Kataloglama Dili tur
Çeviri Kurumu TR-BiSEU
Açıklama Kuralları rda
041 0# - DİL KODU
Metin ya da ses kaydının dil kodu xxx
044 ## - YAYINLAYAN/ÜRETEN KURULUŞUN ÜLKE KODU
ISO country code tu
050 ## - SINIFLAMA ve YER NUMARASI
Sınıflama Numarası BL783
Yer Numarası .R44 2013
100 1# - KİŞİ ADI
Yazar Adı (Kişi adı) Refikoğlu, Erol.
240 10 - TEK BİÇİM BAŞLIK
Tekbiçim Başlık <a href="Mytherology">Mytherology</a>
Language of a work
245 1# - ESER ADI BİLDİRİMİ
Başlık Miteroloji =
Alt Eseradı vb. Mytherology/
Sorumluluk Bildirimi Erol Refikoğlu ; Erol Refikoğlu ; yayına hazırlayan = Make - ready for printing Umut Ersoy ; editör = editor Yalçın Okut ; İngilice çeviri = English translation Elena Luminita Karayman ve Oya Gürel ; fotoğraf, kapak ve sayfa tasarım = Photography, cover and page design Umut Ersoy..
264 #1 - ÜRERİM, YAYIN, DAĞITIM ve TELİF BİLDİRİMİ
Yayın yeri İstanbul :
Yayınlayan Kalkedon Yayınları
Yayın tarihi 2013
300 ## - FİZİKSEL TANIMLAMA
Sayfa, Cilt vb. 119 sayfa :
Diğer fiziki detaylar rersimli ;
Boyutları 16 cm.
336 ## - İÇERİK TÜRÜ
Content type term metin
Content type code txt
Source rdacontent
337 ## - MEDYA TÜRÜ
Media type term aracısız
Media type code n
Source rdamedia
338 ## - TAŞIYICI TÜRÜ
Carrier type term cilt
Carrier type code nc
Source rdacarrier
490 1# - DİZİ BİLDİRİMİ
Dizi Bildirimi Kalkedon Yayınları ;
Cilt Numarası 243.
490 1# - DİZİ BİLDİRİMİ
Dizi Bildirimi Khora Kitaplığı ;
Cilt Numarası 11.
500 ## - GENEL NOT
Genel Not İçerik Türkçe ve İngilizce.
650 #0 - KONU BAŞLIĞI EK GİRİŞ - KONU TERİMİ
Konusal terim veya coğrafi ad Mitoloji, Klasik, Sanatta.
9 (RLIN) 93648
650 #0 - KONU BAŞLIĞI EK GİRİŞ - KONU TERİMİ
Konusal terim veya coğrafi ad Mythology, Classical, in art.
9 (RLIN) 93649
830 1# - SERİ EK GİRİŞİ - TEKBİÇİM ESER ADI
Tekbiçim Başlık Kalkedon Yayınları ;
Volume number/sequential designation 243.
9 (RLIN) 93650
830 1# - SERİ EK GİRİŞİ - TEKBİÇİM ESER ADI
Tekbiçim Başlık Khora Kitaplığı ;
Volume number/sequential designation 11.
9 (RLIN) 93633
942 ## - EK GİRİŞ ÖGELERİ (KOHA)
Source of classification or shelving scheme Library of Congress Classification
Koha item type Book
Holdings
Materyal Türü Kalıcı Konum Mevcut Konum Raf Yeri Sınıflandırma Kaynağı Edinim Bilgisi Ana Konular Alt Konular Yer Numarası Demirbaş Numarası Fatura Tarihi Maliyet, Alış Fiyatı Maliyet, Yenileme Fiyatı Geri Çekilme Durumu Kayıp Durumu Hasarlı Durumu Kredi için değil Kayıt Tarih Toplam Ödünçverme Son Görülme Tarihi Son Kontrol Tarihi Satın Alma Notu
Book Prof. Dr. Azmi Özcan Kütüphanesi Prof. Dr. Azmi Özcan Kütüphanesi Uluğbey Salonu Library of Congress Classification Satın FELSEFE, PSİKOLOJİ, DİN Dinler, Mitoloji, Rasyonalizm BL783 .R44 2013 0050631 07/07/2015 15.51 15.51         29/06/2015   05/12/2024 05/12/2024 B-984687 - B-984797